История новейшей философии : (Record no. 328469)
[ view plain ]
| 000 -LEADER | |
|---|---|
| fixed length control field | 00952nam a2200205 a 4500 |
| 001 - CONTROL NUMBER | |
| control field | 000989872 |
| 003 - CONTROL NUMBER IDENTIFIER | |
| control field | AM-YEHGA |
| 005 - DATE AND TIME OF LATEST TRANSACTION | |
| control field | 20250825140604.0 |
| 008 - FIXED-LENGTH DATA ELEMENTS--GENERAL INFORMATION | |
| fixed length control field | 131029s1900 ru |||||||||||000|0|rus|d |
| 040 ## - CATALOGING SOURCE | |
| Original cataloging agency | AM-YEHGA |
| 041 1# - LANGUAGE CODE | |
| Language code of text/sound track or separate title | rus |
| Language code of original | ger |
| 100 1# - MAIN ENTRY--PERSONAL NAME | |
| Personal name | Геффдинг, Гаральд |
| 245 10 - TITLE STATEMENT | |
| Title | История новейшей философии : |
| Remainder of title | Очерк истории философии от Канта до наших дней / |
| Statement of responsibility, etc. | Г. Геффдинга. |
| 260 ## - PUBLICATION, DISTRIBUTION, ETC. | |
| Place of publication, distribution, etc. | Санкт-Петербург : |
| Name of publisher, distributor, etc. | Изд. ред. журн. "Образование", |
| Date of publication, distribution, etc. | 1900. |
| 300 ## - PHYSICAL DESCRIPTION | |
| Extent | 496 с. ; |
| Dimensions | 25 см. |
| 505 00 - FORMATTED CONTENTS NOTE | |
| Formatted contents note | Немецкая просветительная философия и Лессинг ; Философия романтизма ; Позитивизм ; Философия в Германии от 1850 г. до 1880 г. |
| 653 0# - INDEX TERM--UNCONTROLLED | |
| Uncontrolled term | Философия |
| 653 0# - INDEX TERM--UNCONTROLLED | |
| Uncontrolled term | История философии |
| 942 ## - ADDED ENTRY ELEMENTS (KOHA) | |
| Source of classification or shelving scheme | Universal Decimal Classification |
| Koha item type | Գրքեր / Books |
| Withdrawn status | Lost status | Source of classification or shelving scheme | Damaged status | Not for loan | Collection | Home library | Current library | Date acquired | Total checkouts | Full call number | Barcode | Date last seen | Price effective from | Koha item type | Public note |
|---|---|---|---|---|---|---|---|---|---|---|---|---|---|---|---|
| Universal Decimal Classification | General | Fundamental Scientific Library | Fundamental Scientific Library | 09/01/2017 | PII/483822 | FL0272673 | 09/01/2017 | 09/01/2017 | Գրքեր / Books | 30 Days Loan | |||||
| Universal Decimal Classification | Hambardzumyan Individual Collection | Fundamental Scientific Library | Fundamental Scientific Library | 09/01/2017 | Amb/970 | FL0275351 | 09/01/2017 | 09/01/2017 | Գրքեր / Books | ILL Non-Circ. | |||||
| Kusikian Individual Collection | Fundamental Scientific Library | Fundamental Scientific Library | 22/05/2025 | Кус/2876 | FL0690259 | 22/05/2025 | 22/05/2025 | Գրքեր / Books | ILL Non-Circ. |
ՀՀ Գիտությունների ազգային ակադեմիայի հիմնարար գիտական գրադարան = Fundamental Scientific Library of NAS RA
All site content, except where otherwise noted, is licensed under a